000 00244nam a2200085Ia 4500
245 0 _aEasy, simple and delicious
100 _a CABANO, Sonia Capetown, South Africa, 2010
_951759
942 _cBK
008 210817s9999 xx 000 0 und d
999 _c371499
_d371498